[Event "Rhein Main op-B 25th"]
[Site "Bad Homburg"]
[Date "2023.06.09"]
[Round "4"]
[White "Glavev, Victor"]
[Black "Zhang, Taihao"]
[Result "0-1"]
[WhiteElo "958"]
[BlackElo "1129"]
[PlyCount "106"]
[EventDate "2023.06.07"]
[EventType "swiss"]
[EventRounds "7"]
[EventCountry "GER"]
[SourceTitle "CBM 215 Extra"]
[Source "ChessBase"]
[SourceDate "2023.09.30"]
[SourceVersion "1"]
[SourceVersionDate "2023.09.30"]
[SourceQuality "1"]

1. e4 c5 2. Nc3 e6 3. Nf3 Nc6 4. Bb5 Qc7 5. Bxc6 bxc6 6. d3 Nf6 7. Bg5 d5 8. Bxf6 gxf6 9. exd5 cxd5 10. 0-0 Bb7 11. Nb5 Qc6 12. c4 dxc4 13. dxc4 Rg8 14. h3 a6 15. Nc3 Qxf3 16. Qxf3 Bxf3 17. g3 h5 18. Rfe1 Bh6 19. Ne4 Bxe4 20. Rxe4 f5 21. Re5 Rc8 22. Rd1 Bg7 23. Re2 Bd4 24. Kg2 h4 25. g4 fxg4 26. hxg4 Rxg4+ 27. Kh3 Rg6 28. Rf1 Ke7 29. Re4 Bxb2 30. Rxh4 Rh8 31. Rxh8 Bxh8 32. f4 Bd4 33. Kh2 Rf6 34. Kg3 e5 35. Kg4 Rxf4+ 36. Rxf4 exf4 37. Kxf4 Ke6 38. Ke4 f5+ 39. Kf4 Kf6 40. a3 a5 41. a4 Bc3 42. Kf3 Ke5 43. Ke3 f4+ 44. Kd3 Bb2 45. Ke2 Ke4 46. Kf1 Kf3 47. Ke1 Kg2 48. Ke2 f3+ 49. Ke1 f2+ 50. Kd2 f1Q 51. Kc2 Qe2+ 52. Kb1 Ba3 53. Ka1 Qb2# 0-1